Gürleyik flora ve faunası (Record no. 1638)
[ view plain ]
| 000 -BAŞLIK | |
|---|---|
| Sabit Uzunlukta Kontrol Alanı | 00775na a2200253 4500 |
| 001 - KONTROL NUMARASI | |
| Denetim Alanı | 17292 |
| 003 - KONTROL NUMARASI IDENTIFIER | |
| Denetim Alanı | MIRAKIL |
| 005 - SON İŞLEM TARİHİ VE ZAMANI | |
| Denetim Alanı | 20181213154830.0 |
| 008 - SABİT-BOY VERİ ELEMANLARI - GENEL BİLGİLER | |
| Sabit Uzunlukta Kontrol Alanı | 161024b tu 000 0 |
| 020 ## - ULUSLARARASI STANDART KİTAP NUMARASI | |
| Uluslararası Standart Kitap Numarası | 9786058945326 |
| 040 ## - KATALOGLAMA KAYNAK | |
| Orijinal Kataloglama Ajansı | Milas |
| Kataloglama Dili | tur |
| Metne Dönüştürmek Ajansı | TR-AnCHP |
| 041 ## - DİL KODU | |
| Metin / Ses Parça Veya Ayrı Başlığın Dil Kodu | tur |
| 082 ## - DEWEY ONLU SINIFLANDIRMA NUMARASI | |
| Sınıflandırma Numarası | 581.956514 |
| Ürün Numarası | G96 2010 |
| 090 ## - SINIFLAMA NUMARASI | |
| Sınıflama Numarası | 581.956514 G96 2010 |
| 245 ## - BAŞLIK TABLOSU | |
| Başlık | Gürleyik flora ve faunası |
| Sorumluluk Tablosu, Vb | hazırlayan: Atila Ocak [ve öte...] |
| 260 ## - YAYIN, DAĞITIM, VB | |
| Yayın, Dağıtım, Vb Yeri | Eskişehir |
| Yayıncı, Dağıtıcı, Vs Adı | Eskişehir Büyükşehir Belediyesi |
| Yayın, Dağıtım, Vb Tarihi | 2010 |
| 300 ## - FİZİKSEL TANIM | |
| Kapsam | 207 s. |
| Diğer Fiziksel Ayrıntıları | fotg. ; tbl. |
| Boyutlar | 20 sm. |
| 500 ## - GENEL NOT | |
| Genel Not | Dış kapakta adı: Eskişehir'in saklı cenneti |
| 504 ## - KAYNAKÇA VB NOT | |
| Kaynakça Vb Notu | Kaynakça var. |
| 650 ## - KONU KATMA GİRİŞ - TOPİKAL DÖNEM | |
| Topikal Süreli Veya Coğrafi Ad Giriş Elemanı | Hayvanlar |
| Coğrafi Alt Bölümü | Eskişehir (Türkiye) |
| 650 ## - KONU KATMA GİRİŞ - TOPİKAL DÖNEM | |
| Topikal Süreli Veya Coğrafi Ad Giriş Elemanı | Botanik |
| Coğrafi Alt Bölümü | Eskişehir (Türkiye) |
| 700 ## - KATMA GİRİŞ - KİŞİSEL İSİM | |
| Kişisel Ad | Ocak, Atila |
| 942 ## - EKLENDİ GİRİŞ ELEMANLARI (KOHA) | |
| Sınıflandırma Veya Raf Düzeni Kaynak | |
| Koha Öğesi Türü | Books |
| 999 ## - SİSTEM KONTROL NUMARALARI (KOHA) | |
| Koha Biblionumber | 1638 |
| Koha Biblioitemnumber | 1638 |
| Kalıcı Konum | Mevcut Konum | Edinme Tarihi | Edinim Kaynak | Toplam Check-Out'Lar | Tam Çağrı Numarası | Barkod | Tarih Son Görülme | İtibaren Geçerli Fiyatlar | Koha Öğesi Türü |
|---|---|---|---|---|---|---|---|---|---|
| CHP Kütüphanesi | CHP Kütüphanesi | 10/24/2016 | Bağış | 581.956514 G96 2010 | 007110 | 10/24/2016 | 10/24/2016 | Books |
